000 00267nam a2200121 a 4500
008 101025s1985|||| d
100 1 _aMarkuĊĦa, Anatolij
245 1 0 _aJa Ty My
260 _bOsveta
_aMartin
_c1985
020 _c12
041 _aslo
044 _axo
_cSK
999 _c12211
_d12211